| 000 | 00469nam a2200193Ia 4500 | ||
|---|---|---|---|
| 005 | 20240823010437.0 | ||
| 008 | 240823s9999||||xx |||||||||||||| ||und|| | ||
| 041 | _aENGLISH | ||
| 082 | _A658.3 N8 | ||
| 100 | _aGeorge T Milkovich | ||
| 245 | 0 | _aPersonal Human Resource Management | |
| 250 | _a1st | ||
| 260 |
_c1998 _b"AITBS,Delhi" |
||
| 500 | _aYES | ||
| 650 |
_aManagement _bManagement Studies |
||
| 700 | _a John W Boudreau | ||
| 942 | _cBK | ||
| 999 |
_c158630 _d158630 |
||